Cheetahs (Record no. 5538)

MARC details
000 -LEADER
fixed length control field 00573nam a22001937a 4500
005 - DATE AND TIME OF LATEST TRANSACTION
control field 20250519134846.0
008 - FIXED-LENGTH DATA ELEMENTS--GENERAL INFORMATION
fixed length control field 250519b |||||||| |||| 00| 0 eng d
040 ## - CATALOGING SOURCE
Transcribing agency DepED Dasmarinas City
245 ## - TITLE STATEMENT
Title Cheetahs
250 ## - EDITION
Edition statement December 1999 Vol. 196 No. 6
490 ## - SERIES STATEMENT
SERIES STATEMENT National Geographic
520 ## - SUMMARY, ETC.
Summary, etc. Cheetahs-Ghosts of the Grasslands, Florida Keys: Pradise With Attitude, Ancient Greece, Geographic Century, The Brothers Grimm, Survey 2000
650 ## - SUBJECT ADDED ENTRY--TOPICAL TERM
General subdivision CHEETAH
650 ## - SUBJECT ADDED ENTRY--TOPICAL TERM
General subdivision FLORIDA
650 ## - SUBJECT ADDED ENTRY--TOPICAL TERM
General subdivision ANCIENT GREECE
650 ## - SUBJECT ADDED ENTRY--TOPICAL TERM
General subdivision GEOGRAPHY
650 ## - SUBJECT ADDED ENTRY--TOPICAL TERM
General subdivision FAIRY TALE
942 ## - ADDED ENTRY ELEMENTS (KOHA)
Source of classification or shelving scheme Dewey Decimal Classification
Koha item type Continuing Resources
999 ## -
-- 5538
-- 5538
Holdings
Homebranch current branch Barcode
DepED Dasmarinas City DepED Dasmarinas City DSMSR121999-047